Estatísticas para Países por imagem de satélite parcial #2

Clique aqui para jogar o quiz

Estatísticas Gerais

  • Esse quiz foi jogado 68 vezes
  • A pontuação média é 8 de 15

Estatísticas das Respostas

Resposta% Correto
Brasil
98%
Estados Unidos
89%
México
85%
Japão
76%
Marrocos
76%
Nova Zelândia
75%
Dinamarca
51%
Espanha
45%
Reino Unido
40%
Sri Lanka
40%
Venezuela
36%
Papua Nova Guiné
33%
África do Sul
31%
Suécia
20%
Vietname
15%

Distribuição das Pontuações

Percentil de Números Respondidos

Porcentagem de Pessoas com Cada Pontuação

Sua Pontuação Histórica

Você não jogou esse quiz